Tabare

Salvato in:
Dettagli Bibliografici
Autore principale: Zorrilla de San Martín, Juan
Natura: Libro
Lingua:Undetermined
Pubblicazione: Buenos Aires, Argentina Tor [s.f.]
Soggetti:
Tags: Aggiungi Tag
Nessun Tag, puoi essere il primo ad aggiungerne!!

MARC

LEADER 00000nam a2200000Ia 4500
008 170316s9999 xx 000 0 und d
040 |a cru BVZT 
090 |a 860 Z-7t 
100 |a Zorrilla de San Martín, Juan 
245 |a Tabare 
260 |a Buenos Aires, Argentina 
260 |b Tor 
260 |c [s.f.] 
300 |a 191 páginas 
650 |a LITERATURA LATINOAMERICANA 
999 |c 9346  |d 9346 
942 |c 15 D  |h 860 Z-7t  |2 z